Normal view
MARC view
Entry Personal Name
001 - CONTROL NUMBER
- control field: 12743
003 - CONTROL NUMBER IDENTIFIER
- control field: dpl
005 - DATE AND TIME OF LATEST TRANSACTION
- control field: 20100813144421.0
008 - FIXED-LENGTH DATA ELEMENTS
- fixed length control field: 100813|||a|||||| | ||| d
040 ## - CATALOGING SOURCE
- Original cataloging agency: dpl
- Transcribing agency: dpl
100 ## - HEADING--PERSONAL NAME
- Personal name: Gulati, S. C.,
- Dates associated with a name: 1945-
670 ## - SOURCE DATA FOUND
- Source citation: Work cat.: (dpl)0: Chaurasia, Alok Ranjan 12742, India, the state of population 2007 /, 2008
670 ## - SOURCE DATA FOUND
- Source citation: Work cat.: (dpl)0: Chaurasia, Alok Ranjan 12742, India, the state of population 2007 /, 2008
